| 000 | 00942cam a2200217 a 4500 | ||
|---|---|---|---|
| 001 | 12986062 | ||
| 005 | 20250611080936.0 | ||
| 008 | 021030s2002 ilu 000 0 eng d | ||
| 020 | _a0802465471 | ||
| 050 | 0 | 0 |
_aBS511.3 _b.S64 2002 |
| 100 | 1 |
_aSmith, Colin S., _d1958- |
|
| 245 | 1 | 0 |
_aTen keys for unlocking the Bible : _btreasures that will change your life / _cColin S. Smith. |
| 260 |
_aChicago : _bMoody Press, _cc2002. |
||
| 300 |
_a141 p. ; _c17 cm. |
||
| 500 | _a"Condensed from Unlocking the Bible story"--Cover, p. [4]. | ||
| 700 | 1 |
_aSmith, Colin S., _d1958- _tUnlocking the Bible story. |
|
| 856 | 4 | 2 |
_3Publisher description _uhttp://www.loc.gov/catdir/enhancements/fy0614/2002512684-d.html |
| 856 | 4 | 1 |
_3Table of contents only _uhttp://www.loc.gov/catdir/enhancements/fy1202/2002512684-t.html |
| 856 | 4 | 2 |
_3Contributor biographical information _uhttp://www.loc.gov/catdir/enhancements/fy1202/2002512684-b.html |
| 942 |
_2lcc _cBK _n0 |
||
| 999 |
_c6401 _d6401 |
||